000
00273nam a22001217a 4500
003
SGT
082
_b
SRI
100
_a
SRIVASTAVA, S.K.
245
_a
METAMORPHOSIS A JOURNAL OF MANAGEMENT RESEARCH
260
_a
INDIA
_b
SAGE PUB.
_c
2022
300
_a
156
942
_2
ddc
_c
BV
999
_c
29936
_d
29936